Meanwhile City : How temporary interventions create welcoming places with a strong identity /

Guardado en:
Detalles Bibliográficos
Autores principales: Marko, Petra (Autor), Lisa, Radim (Autor)
Otros Autores: Kvetková, Zuzana (Editor), Todd, Jonathan (Editor)
Formato: Libro
Lenguaje:inglés
Publicado: Bratislava: Milk, 2022
Edición:1. vydanie
Materias:
Etiquetas: Agregar Etiqueta
Sin Etiquetas, Sea el primero en etiquetar este registro!

MARC

LEADER 00000nam a22000003a 4500
001 0098791
003 SK-STU
005 20221202102457.9
007 ta
008 221202s ----xo-----e------000-0-----d
020 |a 978-80-974130-1-9 
040 |a STU  |b slo 
041 0 |a eng 
044 |a xo 
100 1 |a Marko, Petra  |4 aut 
245 1 0 |a Meanwhile City :  |b How temporary interventions create welcoming places with a strong identity /  |c aut. Petra Marko, Radim Lisa ; ed. Zuzana Kvetková, Jonathan Todd 
250 |a 1. vydanie 
260 |a Bratislava:  |b Milk,  |c 2022 
300 |a 159 s. 
650 0 7 |a urban interventions 
650 0 7 |a mestské zásahy 
650 0 7 |a mesto 
650 0 7 |a mestský verejný priestor 
650 0 7 |a verejná participácia 
650 0 7 |a aktivizmus 
700 1 |a Lisa, Radim  |4 aut 
700 1 |a Kvetková, Zuzana  |4 edt 
700 1 |a Todd, Jonathan  |4 edt 
996 |b 284AU09439  |c A* 12782/U  |l AAKNAR  |s A  |a 24  |w 0098791_0001